Statistics for Washington State Highways

Click here to take the quiz!

General Stats

  • This quiz has been taken 7 times
  • The average score is 120 of 188

Answer Stats

Route DescriptionHighway% Correct
30 mi, north-south from Tukwila to LynnwoodI-405
100%
277 mi, north-south from Vancouver to BlaineI-5
100%
298 mi, east-west from Seattle to Liberty LakeI-90
100%
13 mi, east-west from Seattle to RedmondSR 520
83%
25 mi, east-west from Seattle to MonroeSR 522
83%
97 mi, north-south from Woodinville to SumasSR 9
83%
49 mi, north-south from Fife to EverettSR 99
83%
326 mi, east-west from Everett to NewportUS 2
83%
15 mi, east-west from Richland to PascoI-182
67%
11 mi, north-south from Vancouver to Salmon CreekI-205
67%
1.5 mi, north-south in TacomaI-705
67%
133 mi, east-west from Ellensburg to PlymouthI-82
67%
16 mi, east-west from Teanaway to EllensburgSR 10
67%
31.75 mi, east-west from Discovery Bay to Lake Forest ParkSR 104
67%
49 mi, north-south from Raymond to AberdeenSR 105
67%
20 mi, east-west from Skokomish to BelfairSR 106
67%
8 mi, north-south from Cosmopolis to MontesanoSR 107
67%
12 mi, east-west from McCleary to KamilcheSR 108
67%
40.5 mi, north-south from Hoquiam to TaholahSR 109
67%
21 mi, north-south from Burlington to BellinghamSR 11
67%
11 mi, east-west from La Push to ForksSR 110
67%
60 mi, east-west from Neah Bay to Port AngelesSR 112
67%
10 mi, north-south from Sappho to Clallam BaySR 113
67%
2 mi, north-south in Ocean ShoresSR 115
67%
10 mi, east-west from Irondale to Fort Flagler State ParkSR 116
67%
1 mi, north-south in Port AngelesSR 117
67%
11 mi, north-south from Hoodsport to Lake CushmanSR 119
67%
8 mi, north-south from Maytown to TumwaterSR 121
67%
16 mi, north-south from Packwood to Mount RainierSR 123
67%
24 mi, north-south from Walla Walla to PrescottSR 125
67%
27 mi, north-south from Pomeroy to DustySR 127
67%
43 mi, north-south from Anatone to ClarkstonSR 129
67%
2 mi, north-south in RandleSR 131
67%
181 mi, east-west from Vancouver to PlymouthSR 14
67%
30 mi, north-south from Bingen to Trout LakeSR 141
67%
35 mi, east-west from Lyle to GoldendaleSR 142
67%
78 mi, north-south from Coulee City to OmakSR 155
67%
27 mi, east-west from Gorst to TacomaSR 16
67%
36.25 mi, north-south from Eatonville to Federal WaySR 161
67%
3 mi, north-south from Tacoma to VashonSR 163
67%
21 mi, north-south from Mowich Lake to BuckleySR 165
67%
29 mi, north-south from Tacoma to RentonSR 167
67%
137 mi, north-south from Mesa to BrewsterSR 17
67%
4 mi, east-west in WardenSR 170
67%
4 mi, north-south in Moses LakeSR 171
67%
35 mi, east-west from Farmer to MansfieldSR 172
67%
12 mi, north-south from Bridgeport to BrewsterSR 173
67%
41 mi, east-west from Leahy to WilburSR 174
67%
28 mi, east-west from Federal Way to North BendSR 18
67%
6 mi, north-south from Kent to TukwilaSR 181
67%
14 mi, north-south from Port Ludlow to Port TownsendSR 19
67%
436 mi, east-west from Discovery Bay to NewportSR 20
67%
31 mi, east-west from Woodinville to North BendSR 202
67%
24 mi, north-south from Fall City to MonroeSR 203
67%
2 mi, east-west from Everett to Lake StevensSR 204
67%
15 mi, east-west from Mead to Mount Spokane State ParkSR 206
67%
4 mi, north-south from Coles Corner to Lake Wenatchee State ParkSR 207
67%
191 mi, north-south from Kahlotus to DanvilleSR 21
67%
36 mi, east-west from Zillah to ProsserSR 22
67%
26 mi, north-south from Paterson to ProsserSR 221
67%
4 mi, north-south from Granger to ToppenishSR 223
67%
10 mi, east-west from Benton City to RichlandSR 224
67%
11 mi, north-south from Kiona to Horn Rapids DamSR 225
67%
66 mi, north-south from Steptoe to HarringtonSR 23
67%
75 mi, north-south from Sprague to ChewelahSR 231
67%
79 mi, east-west from Yakima to OthelloSR 24
67%
41 mi, east-west from Hanford Reservation to KennewickSR 240
67%
25 mi, north-south from Mabton to Hanford ReservationSR 241
67%
28 mi, north-south from Desert Aire to VantageSR 243
67%
121 mi, north-south from Davenport to Canada-US borderSR 25
67%
134 mi, east-west from Vantage to ColfaxSR 26
67%
135.25 mi, east-west from East Wenatchee to DavenportSR 28
67%
60 mi, north-south from Shelton to Port GambleSR 3
67%
3 mi, east-west from Belfair State Park to BelfairSR 300
67%
17 mi, east-west from Allyn to Gig HarborSR 302
67%
9 mi, north-south from Bremerton to SilverdaleSR 303
67%
9 mi, east-west from Navy Yard City to SeattleSR 304
67%
13.5 mi, north-south from Poulsbo to SeattleSR 305
67%
5.25 mi, north-south from Poulsbo to KingstonSR 307
67%
3 mi, east-west from Bangor to KeyportSR 308
67%
26 mi, north-south from Tiger to Canada-US BorderSR 31
67%
2 mi, north-south in BremertonSR 310
67%
22 mi, north-south from Finley to PascoSR 397
67%
62 mi, east-west from Johnston's Landing to KelsoSR 4
67%
12 mi, north-south from Megler to NaselleSR 401
67%
4 mi, north-south from Puget Island to CathlametSR 409
67%
0.41 mi, north-south in NewportSR 41
67%
107 mi, east-west from Sumner to NachesSR 410
67%
13 mi, north-south from Longview to Castle RockSR 411
67%
10 mi, east-west from West Longview to KelsoSR 432
67%
1 mi, north-south in LongviewSR 433
67%
23 mi, east-west from Vancouver to CamasSR 500
67%
13 mi, north-south from Vancouver to Ridgefield (divided into two sections)SR 501
67%
6 mi, east-west from Mount Vista to Battle GroundSR 502
67%
54 mi, north-south from Orchards to WoodlandSR 503
67%
52 mi, east-west from Castle Rock to Mount St. HelensSR 504
67%
19 mi, north-south from Winlock to ToutleSR 505
67%
11.4 mi, east-west from Ryderwood to ToledoSR 506
67%
44 mi, north-south from Centralia to SpanawaySR 507
67%
33 mi, east-west from Napavine to MortonSR 508
67%
35 mi, north-south from Tacoma to SeattleSR 509
67%
13 mi, east-west from Yelm to LaceySR 510
67%
12 mi, east-west from Lakewood to PuyallupSR 512
67%
3 mi, north-south in SeattleSR 513
67%
8 mi, north-south from Kent to RentonSR 515
67%
16.5 mi, east-west from Des Moines to Maple ValleySR 516
67%
3 mi, east-west from Burien to TukwilaSR 518
67%
1 mi, north-south in SeattleSR 519
67%
2.5 mi, north-south from Seattle to Lake Forest Park straddling ShorelineSR 523
67%
15 mi, east-west from Edmonds to MaltbySR 524
67%
31 mi, north-south from Lynnwood to CoupevilleSR 525
67%
4.5 mi, east-west from Mukilteo to EverettSR 526
67%
9 mi, north-south from Bothell to EverettSR 527
67%
3.5 mi, east-west in MarysvilleSR 528
67%
8 mi, north-south frrom Everett to MarysvilleSR 529
67%
50 mi, east-west from Arlington to RockportSR 530
67%
10 mi, east-west from Lake Goodwin to ArlingtonSR 531
67%
10 mi, east-west from Camano Island to StanwoodSR 532
67%
5 mi, east-west from Conway to Lake McMurraySR 534
67%
5.5 mi, east-west in Mount VernonSR 536
67%
4 mi, east-west from Mount Vernon to Big LakeSR 538
67%
15 mi, north-south from Bellingham to LyndenSR 539
67%
57 mi, east-west from Bellingham to Mount BakerSR 542
67%
1 mi, north-south in BlaineSR 543
67%
9 mi, east-west from Lynden to NooksackSR 544
67%
8 mi, east-west from Lynden to SumasSR 546
67%
10.75 mi, north-south from Kendall to SumasSR 547
67%
14 mi, north-south from Ferndale to BlaineSR 548
67%
1.75 mi, north-south in TukwilaSR 599
67%
51 mi, east-west from Raymond to ChehalisSR 6
67%
58 mi, north-south from Morton to TacomaSR 7
67%
9 mi, east-west from McKenna to EatonvilleSR 702
67%
0.63 mi, east-west in SpanawaySR 704
67%
14 mi, east-west from Elbe to LongmireSR 706
67%
21 mi, east-west from Elma to OlympiaSR 8
67%
16 mi, east-west from Tukwila to IssaquahSR 900
67%
12 mi, east-west in Medical LakeSR 902
67%
10 mi, north-south from Cle Elum to Lake Cle ElumSR 903
67%
17 mi, north-south from Tyler to Four LakesSR 904
67%
3 mi, east-west from Snoqualmie Pass to HyakSR 906
67%
9 mi, east-west from Lake Stevens to Granite FallsSR 92
67%
6.75 mi, east-west from Everett to SnohomishSR 96
67%
10 mi, east-west from Cle Elum to VirdenSR 970
67%
15 mi, north-south from Entiat to ChelanSR 971
67%
366 mi, north-south from Megler to TumwaterUS 101
67%
431 mi, east-west from Aberdeen to ClarkstonUS 12
67%
322 mi, north-south from Maryhill to OrovilleUS 97
67%
5 mi, east-west in IlwacoSR 100
50%
3 mi, east-west in SheltonSR 102
50%
20 mi, north-south from Seaview to Leadbetter Point State ParkSR 103
50%
8 mi, east-west from Silver Creek to MossyrockSR 122
50%
45 mi, east-west from Burbank to WaitsburgSR 124
50%
2 mi, east-west in ClarkstonSR 128
50%
31 mi, north-south from Pateros to TwispSR 153
50%
7.5 mi, east-west from Port Orchard to SeattleSR 160
50%
17 mi, east-west from Sumner to BuckleySR 162
50%
15 mi, east-west from Auburn to EnumclawSR 164
50%
5 mi, east-west in Port OrchardSR 166
50%
25 mi, north-south from Enumclaw to RentonSR 169
50%
2.5 mi, north-south in ClarkstonSR 193
50%
21 mi, east-west from Almota to PullmanSR 194
50%
15 mi, north-south from Diamond Lake to UskSR 211
50%
0.35 mi, north-south in MalottSR 213
50%
6.25 mi, north-south from Okanogan to OmakSR 215
50%
38 mi, east-west from Connell to WashtucnaSR 260
50%
63 mi, north-south from Starbuck to RitzvilleSR 261
50%
24 mi, east-west from Othello to WardenSR 262
50%
9 mi, north-south from Port of Windust to KahlotusSR 263
50%
90 mi, north-south from Pullman to Spokane ValleySR 27
50%
10 mi, east-west from Pullman to Idaho-Washington borderSR 270
50%
8.5 mi, north-south from Oakesdale to RosaliaSR 271
50%
19 mi, east-west from Colfax to PalouseSR 272
50%
2 mi, east-west in TekoaSR 274
50%
5.5 mi, east-west in RockfordSR 278
50%
10.5 mi, north-south from George to QuincySR 281
50%
5 mi, east-west in EphrataSR 282
50%
15 mi, north-south from George to EphrataSR 283
50%
5 mi, north-south from East Wenatchee to SunnyslopeSR 285
50%
25 mi, north-south from Selah to EllensburgSR 821
50%
6 mi, north-south in SelahSR 823
50%
93 mi, north-south from Uniontown to SpokaneUS 195
50%
3 mi, north-south in DallesportUS 197
50%
275 mi, north-south from Plymouth to LaurierUS 395
50%
6 mi, east-west in WallulaUS 730
50%
11.75 mi, east-west from Manson to Chelan FallsSR 150
33%
18 mi, east-west from Spokane to Otis Orchards-East FarmsSR 290
33%
33 mi, north-south from Spokane to FordSR 291
33%
6 mi, east-west from Springdale to Loon LakeSR 292
33%

Score Distribution

Percentile by Number Answered

Percent of People with Each Score

Your Score History

You have not taken this quiz